000 00381nam a2200121 4500
999 _c12181
_d12181
008 190118b ||||| |||| 00| 0 eng d
100 _934495
_aTiglao, Getsy
245 _aDuterte's dengvaxia probe should focus on corruption angle/
_cGetsy Tiglao
260 _aPhilippines
_bManila Bulletin
_cc2018
300 _apage 10.
650 0 _934496
_aEconomic conditions.
942 _2ddc
_cPER